000
00315nam a22001337a 4500
003
OSt
005
20250619154627.0
007
20 pages
008
250619b |||||||| |||| 00| 0 eng d
040
_c
245
_a
IS:18830:2024 CORD EXTENSION SETS
_c
B.I.S
260
_b
INDIAN STANDARDS
_c
2024
942
_2
ddc
_c
RB
_n
0
999
_c
36222
_d
36222